Obálka Náhled e-knihy:
Epub
Pro půjčování e-knih musíte být přihlášeni.
Jak si půjčit online?

Alex Verus. V., Skrytý /

Alex Verus je věštec, který vidí pravděpodobné budoucnosti - tento talent jej i jeho přátele dostal už z mnoha malérů. Co ale udělá, pokud někdo nechce jeho pomoc, i když ji potřebuje?

Uloženo v:
Série:Alex Verus, část 5
Hlavní autor: Jacka, Benedict, 1980- (Autor)
Další autoři: Niklová, Kateřina, 1979- (Autor)
Médium: E-kniha
Jazyk:Czech
Vydáno: Ostrava : Fantom Print, 2023
Vydání:1. vydání
Témata:
Příbuzné jednotky:Z cyklu:: Alex Verus
Tagy:
Žádné tagy
LEADER 02412nam a2200457 i 4500
001 311860
003 CZ PrSKC
005 20260601215713.0
007 ta
008 230314s2023 xr g 000 f cze
015 |a cnb003506910 
020 |a 9788075941312  |q (brožováno) 
035 |a (OCoLC)1381700163 
040 |a ABG001  |b cze  |e rda 
041 1 |a cze  |h eng 
072 7 |a 821.111-3  |x Anglická próza, anglicky psaná  |2 Konspekt 
080 |a 821.111-31  |2 MRF 
080 |a (0:82-312.9)  |2 MRF 
100 1 |a Jacka, Benedict,  |d 1980-  |7 xx0245362  |4 aut 
240 1 0 |a Hidden.  |l Česky 
245 1 0 |a Alex Verus.  |n V.,  |p Skrytý /  |c Benedict Jacka ; překlad Kateřina Niklová 
246 3 0 |a Skrytý 
250 |a 1. vydání 
264 1 |a Ostrava :  |b Fantom Print,  |c 2023 
300 |a 319 stran ;  |c 21 cm 
336 |a text  |b txt  |2 rdacontent 
337 |a bez média  |b n  |2 rdamedia 
338 |a svazek  |b nc  |2 rdacarrier 
500 |a Přeloženo z angličtiny 
520 2 |a Alex Verus je věštec, který vidí pravděpodobné budoucnosti - tento talent jej i jeho přátele dostal už z mnoha malérů. Co ale udělá, pokud někdo nechce jeho pomoc, i když ji potřebuje?  |b Alexova kamarádka, mág života Anne, se od něj odvrátila poté, co zjistila, že v minulosti býval temným učedníkem. Teď se dostala do potíží, přesto s ním nechce mít nic společného. Alex neví, jestli Anne má skutečně problém s ním - nebo se snaží něco utajit. Navíc se v Londýně začíná šeptat o tom, že se vrátil Alexův bývalý a dlouho nezvěstný mistr. Alex netuší, co má v plánu ani kdo všechno je do jeho machinací zapletený... Nakladatelská anotace. Kráceno. 
655 7 |a anglické romány  |7 fd131814  |2 czenas 
655 7 |a fantasy romány  |7 fd184199  |2 czenas 
655 9 |a English fiction  |2 eczenas 
655 9 |a fantasy novels  |2 eczenas 
700 1 |a Niklová, Kateřina,  |d 1979-  |7 xx0038698  |4 trl 
787 0 8 |i Z cyklu:  |t Alex Verus  |g 5 
900 |a ABA001  |b 21 
044 |a xr 
910 |a RBIT002 
998 |d 368679  |a https://core.palmknihy.cz/api/books/368679/cover?rqqcwb  |b https://core.palmknihy.cz/api/books/368679/cover/400?rqqcwb  |c https://core.palmknihy.cz/api/books/368679/cover/50?rqqcwb  |e 2026-11-16  |g 320  |i 9788075941312  |j https://core.palmknihy.cz/api/books/368679/preview.epub  |l   |q 49  |r 1  |s https://www.palmknihy.cz/kniha/368679  |t ebook  |y 2023  |z 0  |v Alex Verus  |w 5 
999 |d 311858